Tôn tử binh pháp : Ứng dụng vào quản lý học, thương trường doanh nghiệp, sản xuất
Đã lưu trong:
| 格式: | Sách giấy |
|---|---|
| 語言: | Vietnamese |
| 出版: |
TP.HCM :
TP.HCM ,
1992
|
| 標簽: |
添加標簽
沒有標簽, 成為第一個標記此記錄!
|
| Thư viện lưu trữ: | Thư viện Trường Đại học Đà Lạt |
|---|
| LEADER | 00598nam a2200241 4500 | ||
|---|---|---|---|
| 001 | DLU020013119 | ||
| 005 | ##6/7/2000 | ||
| 020 | # | # | |a 978- |
| 041 | # | # | |a vie |
| 082 | # | # | |a 658.401 |b Ton |
| 090 | # | # | |a 658.401 |b Ton |
| 245 | # | # | |a Tôn tử binh pháp : |b Ứng dụng vào quản lý học, thương trường doanh nghiệp, sản xuất |
| 260 | # | # | |a TP.HCM : |b TP.HCM , |c 1992 |
| 300 | # | # | |a 248 tr.; |c 19 cm. |
| 992 | # | # | |a 15500 |
| 994 | # | # | |a DLU |
| 900 | # | # | |a False |
| 911 | # | # | |a Administrator |
| 925 | # | # | |a G |
| 926 | # | # | |a A |
| 927 | # | # | |a SH |
| 980 | # | # | |a Thư viện Trường Đại học Đà Lạt |